LEADER 01038nam2 2200289 450 001 000031779 005 20171212134735.0 010 $a978-88-7431-426-3 100 $a20081031d2008----km-y0itay50------ba 101 0 $aita 102 $aIT 105 $ay-------001yy 200 1 $a<>riviste a Napoli dal XVIII secolo al primo Novecento$eatti del convegno internazionale-Napoli 2007, 15-17 novembre$fAntonio Garzya 210 $a[Napoli]$cAccademia Pontaniana$d2008 215 $a710 p.$cill.$d24 cm 225 2 $aQuaderni dell'Accademia pontaniana$v53 410 0$12001$aQuaderni dell'Accademia pontaniana 461 0$1001000031778 500 10$a<>riviste a Napoli dal XVIII secolo al primo Novecento$91499735 610 1 $aStampa periodica 676 $a070$v21 700 1$aGarzya,$bAntonio$09777 801 0$aIT$bUNIPARTHENOPE$c20081031$gRICA$2UNIMARC 912 $a000031779 951 $aQUAP 085/53$bs.i.$cNAVA1$d2008 996 $aRiviste a Napoli dal XVIII secolo al primo Novecento$91499735 997 $aUNIPARTHENOPE